Rainbow Six Siege Organizations Quiz - Statistics

General Stats
  • This quiz has been taken 65 times
  • The average score is 9 of 23
Answer Stats
Hint Answer % Correct
United States-based organization that specializes in high-risk situations; Pulse, Castle, Thermite, Ash FBI SWAT
84%
Special forces regiment of the British Army; Sledge, Thatcher, Smoke, Mute SAS
83%
United States navy-based; Blackbeard, Valkyrie Navy SEALS
66%
Russian Federation-based; Fuze, Glaz, Kapkan, Tachanka Spetsnaz
62%
German counterterrorism and special operations unit; IQ, Blitz, Jager, Bandit GSG9
60%
Private Military Company founded by Jaimini "Kali" Shah; Kali, Ace, Wamai NIGHTHAVEN
60%
Elite polish counterterrorism unit; Zofia, Ela GROM
55%
Rio de Janeiro-based police force; Capitao; Caveira BOPE
53%
South Korea counterterroism unit; Dokkaebi, Vigil 707th SMB
47%
Spanish special operations force; Jackal, Mira GEO
43%
Federal law enforcement agency under the Department of Homeland Security charged with conducting criminal investigations and protecting the nation's leaders; Warden Secret Service/USSS
43%
Elite international counterterrorist unit that falls under the direct supervision of NATO RAINBOW
36%
Japanese counterterrorism unit; Hibana, Echo SAT
36%
Regiment of the Royal Moroccan Gendarmerie; Nomad, Kaid, Oryx GIGR
34%
Australian Army special forces; Gridlock, Mozzie SASR
34%
Elite special operations force of the Danish Defense part of Special Operations Command; Nokk Jaeger Corps
31%
Hong Kong special forces; Ying, Lesion SDU
28%
Elite airborne special operations counter-terrorism tactical response unit inside the Italian Carabinieri military police; Maestro, Alibi GIS
24%
International counterterrorism unit founded by RAINBOW designed to operate in dense urban areas; Maverick, Clash GSUTR
19%
Peruvian Anti-Archaeological Looting paramilitary organization; Amaru APCA
16%
Special forces unit of the Mexican Navy; Goyo FES
12%
Biological and chemical counterterrorism unit founded by RAINBOW; Lion, Finka CRBN Threat Unit
10%
South African conservation and anti-poaching group led by Thandiwe "Melusi" Ndlovu; Melusi ITF
7%
No matching quizzes found
Score Distribution
Percent of People with Each Score
Percentile by Number Answered
Your Score History
You have not taken this quiz